Exchange rate behaviour in developing countries / (Record no. 66291)

MARC details
000 -LEADER
fixed length control field 00663nam a22001697a 4500
005 - DATE AND TIME OF LATEST TRANSACTION
control field 20120507130215.0
020 ## - INTERNATIONAL STANDARD BOOK NUMBER
International Standard Book Number 8176292680
Terms of availability 00.00
035 ## - SYSTEM CONTROL NUMBER
System control number B-31653
037 ## - SOURCE OF ACQUISITION
Stock number DPL
Source of stock number/acquisition ENG
245 ## - TITLE STATEMENT
Title Exchange rate behaviour in developing countries /
Statement of responsibility, etc edited by Alak Ghosh and Rakesh Raman
260 ## - PUBLICATION, DISTRIBUTION, ETC. (IMPRINT)
Place of publication, distribution, etc New Delhi
Name of publisher, distributor, etc Deep and Deep Publications
Date of publication, distribution, etc 2000
300 ## - PHYSICAL DESCRIPTION
Extent xxv, 350p.
Dimensions 20 cms.
700 ## - ADDED ENTRY--PERSONAL NAME
Personal name Ghosh, Alak
9 (RLIN) 46553
700 ## - ADDED ENTRY--PERSONAL NAME
Personal name Raman, Rakesh
9 (RLIN) 46554
942 ## - ADDED ENTRY ELEMENTS (KOHA)
Source of classification or shelving scheme Dewey Decimal Classification
Item type English Books
Classification part 332.456
Call number suffix EXC
Holdings
Withdrawn status Lost status Not for loan Collection code Home library Current library Date acquired Cost, normal purchase price Full call number Barcode Cost, replacement price Koha item type
      Non-fiction Sarojini Nagar Sarojini Nagar 07/05/2012 0.00 332.456 EXC B-31653 0.00 English Books

© Delhi Public Library
Hit Counter
free hit counter